Introduction to environmental engineering (Record no. 5455)

000 -LEADER
fixed length control field 00645nam a22002177a 4500
001 - CONTROL NUMBER
control field 5455
003 - CONTROL NUMBER IDENTIFIER
control field BD-DhUET
008 - FIXED-LENGTH DATA ELEMENTS--GENERAL INFORMATION
fixed length control field 141126b xxu||||| |||| 00| 0 eng d
020 ## - INTERNATIONAL STANDARD BOOK NUMBER
International Standard Book Number 0070159114
040 ## - CATALOGING SOURCE
Transcribing agency 0
Modifying agency BD-DhUET
082 ## - DEWEY DECIMAL CLASSIFICATION NUMBER
Classification number 628
Item number DAV/1991
100 ## - MAIN ENTRY--PERSONAL NAME
Personal name Davis, Mackenzie L.
245 ## - TITLE STATEMENT
Title Introduction to environmental engineering
Statement of responsibility, etc. by Mackenzie L. Davis and David A. Cornwell
250 ## - EDITION STATEMENT
Edition statement 2nd ed.
260 ## - PUBLICATION, DISTRIBUTION, ETC. (IMPRINT)
Place of publication, distribution, etc. New York
Name of publisher, distributor, etc. McGraw-Hill
Date of publication, distribution, etc. 1991
300 ## - PHYSICAL DESCRIPTION
Extent xvii, 822p.
490 ## - SERIES STATEMENT
Series statement McGraw-Hill series in water resources and environmental engineering
650 #0 - SUBJECT ADDED ENTRY--TOPICAL TERM
Topical term or geographic name as entry element Environmental engineering
700 ## - ADDED ENTRY--PERSONAL NAME
Personal name Cornwell, David A.
942 ## - ADDED ENTRY ELEMENTS (KOHA)
Koha item type General Book
Holdings
Shelving location Koha full call number Lost status Koha normalized classification for sorting Date acquired Koha date last seen Koha item type Location (home branch) Damaged status Price effective from Piece designation (barcode) Sublocation or collection (holding branch) Source of classification or shelving scheme Not for loan Copy number Withdrawn status
Circulation section628/DAV/1991 628DAV19912014-11-262014-11-26General BookCentral Library, BUET 2014-11-2686121Central Library, BUET  1 
Circulation section628/DAV/1991 628DAV19912014-12-012014-12-01General BookCentral Library, BUET 2014-12-0193826Central Library, BUET  2